000 00699nam a22002175i 4500
001 169217
003 ES-MaACL
005 20240510123455.0
008 080822s1993 sp |||| | spa d
020 _a8479620501
080 _a821.134.2(728.5)-32"19"
100 1 _aZepeda-Henríquez, Eduardo.
_9118193
245 1 0 _aVírgenes ancestrales y otros relatos
_b: segunda serie /
_cEduardo Zepeda-Henríquez.
260 _aMadrid :
_bVerbum,
_c[1993]
300 _a44 p. ;
_c21 cm.
490 1 _aVerbum narrativa
830 0 _aVerbum narrativa
_9183333
852 _aES-MaACL
_jL-29629
_9R.142951
_z.- An. ms. : Ded. del autor al Ateneo de Madrid
942 _2udc
999 _c169217
_d169217